000 00683nam a2200229Ia 4500
003 OSt
005 20220923220945.0
006 a|||||r|||| 00| 0
007 ta
008 220922b |||||||| |||| 00| 0 hin d
024 _a192,778
037 _cTextual
040 _aARTS
_cARTS
_bhin
041 _2hin
_ahin
082 _aV2:1.M8, 152J9(_)
100 _aवाजपेयी, किशोरीदास
245 0 _aमि ह्यूम की परम्परा
246 _aMi0 hyūm kī paramparā
260 _c1959
942 _hV2:1.M8, 152J9(_)
_cTEXL
_2CC
999 _c345313
_d345313